| 000 | 01524nam a2200385 c 4500 | ||
|---|---|---|---|
| 003 | BLK | ||
| 005 | 20211004111113.0 | ||
| 008 | 180408b bul|||||r ||||||| ||bul|| | ||
| 010 | _aKNG00043867000 | ||
| 020 |
_a978-954-8999-24-3 _bиздат.: Атеа Букс |
||
| 040 | _aBLK | ||
| 041 |
_aBUL _cBUL |
||
| 072 | 7 |
_2bullib _aН85 _xДетска художествена литература Н |
|
| 080 |
_aАнглийска литература _b821.111 _x-93-34 _z821.111-93-34 |
||
| 100 | 1 |
_aПрестън, Тим _eпърви автор _9277208 |
|
| 700 | 1 |
_aХъсей, Лорна _eил. _9138802 |
|
| 700 | 1 |
_aРайнова, Добринка _eпрев. _9277209 |
|
| 139 |
_aПрестън, Тим _bП 86 |
||
| 245 | 1 | 0 |
_aЗайчето от зюмбюления хълм _cТим Престън; ил. Лорна Хъсей; прев. Добринка Райнова. |
| 257 | _aGBR | ||
| 260 |
_аСофия _bАтеа Букс _c2011 _fСофия : Д. Благоев |
||
| 300 |
_a24 с. _bс цв. ил. _c21 см |
||
| 380 | _aDX | ||
| 490 | 1 | _aПриказки за всеки ден | |
| 500 | _aОриг. загл. The Bunny of Bluebell Hill / Tim Preston. | ||
| 653 | _aприказки | ||
| 653 | _aлитература за деца | ||
| 653 | _aдетска литература | ||
| 659 | _aН | ||
| 852 | _aЦб 254011 | ||
| 856 | 4 |
_qpdf _u |
|
| 856 | 4 |
_qpdf _u |
|
| 942 |
_cKNG _n0 _019 |
||
| 944 |
_aCR _c16.12.2011 _lф / _kПенка_Димитрова |
||
| 944 |
_aED _c23.12.2016 _lф / _kЛюдмила_Стоянова |
||
| 999 |
_c40423 _d40423 |
||